1993 1652 1446 1360 1602 1710 1059 1634 1584 1076 1353 1726 1415 1222 1884 1224 1231 1097 1604 1007 1448 1580 1582 1928 1842 1747 1782 1929 1535 1531 1343 1294 1633 1253 1849 1442 1978 1806 1236 1725 1737 1272 1944 1716 1351 1898 1002 1269 1584 1872 1783 1730 1335 1320 1268 1649 1517 1524 1121 1941 1487 1167 1030 1125 1960 1047 1310 1503 1313 1217 1869 1586 1788 1847 1349 1381 1625 1326 1986 1271 1448 1688 1096 1404 1014 1990 1489 1269 1685 1184 1904 1870 1115 1184 1647 1045 1775 1853 1924 BCNSPRNW ULIB Ver.6.0+V

เปลี่ยนเป็นภาษาไทย

Change to English
 แสดงรายละเอียดบรรณานุกรม
  กลับหน้าหลัก

Brief Record : Get Marc (ISO 2709) : E-mail record : QR code < ปิดหน้าต่าง
LEADER : 00000nam 2200000uu 4500
001    13399121000
003     ULIB
008    020711s2547 th a 000 0 tha d
020    9741330235
050    HM^bจ158ส
100    จรัส สุวรรณเวลา
245    สังคมความรู้ ยุคที่2 /^cจรัส สุวรรณเวลา
250    พิมพ์ครั้งที่ 1
260    กรุงเทพฯ :^bศูนย์หนังสือจุฬาลงกรณ์มหาวิทยาลัย,^c2547
300    53 หน้า
650    สังคมความรู้
650    การบริหารความรู้
650    การวิจัย
945    ^p100^l0^i12759
945    ^p100^l0^i12760
945    ^p100^l0^i12761
945    ^p100^l0^i12762
999    ^aทศพร เกษรทอง
รายการนี้ยังไม่มีแท็ก
คุณยังไม่ได้ล็อกอิน คุณสามารถมีกิจกรรมร่วมกับเว็บไซต์ได้ แต่ต้องล็อกอินก่อน ::
  ล็อกอิน

รายการสื่อสารสนเทศ

ลำดับที่ ประเภท เลขเรียก/บาร์โค้ด สถานที่ สถานะ
1. วิทยาศาสตร์การแพทย์ และสุขภาพ
วิทยาศาสตร์การแพทย์ และสุขภาพ
HM จ158ส ฉ.1 
  Barcode: 12759
ห้องสมุดวิทยาเขตสวรรค์ประชารักษ์
►หนังสือทั่วไป
บนชั้น
2. วิทยาศาสตร์การแพทย์ และสุขภาพ
วิทยาศาสตร์การแพทย์ และสุขภาพ
HM จ158ส ฉ.2 
  Barcode: 12760
ห้องสมุดวิทยาเขตสวรรค์ประชารักษ์
►หนังสือทั่วไป
บนชั้น
3. วิทยาศาสตร์การแพทย์ และสุขภาพ
วิทยาศาสตร์การแพทย์ และสุขภาพ
HM จ158ส ฉ.3 
  Barcode: 12761
ห้องสมุดวิทยาเขตสวรรค์ประชารักษ์
►หนังสือทั่วไป
บนชั้น
4. วิทยาศาสตร์การแพทย์ และสุขภาพ
วิทยาศาสตร์การแพทย์ และสุขภาพ
HM จ158ส ฉ.4 
  Barcode: 12762
ห้องสมุดวิทยาเขตสวรรค์ประชารักษ์
►หนังสือทั่วไป
บนชั้น

รายการใกล้เคียง
    ผู้แต่ง [จรัส สุวรรณเวลา]

    หัวเรื่อง [การบริหารความรู้]
    หัวเรื่อง [การวิจัย]

BibComment


ยังไม่เคยถูกคอมเมนท์

คอมเมนท์ทรัพยากรรายการนี้
  คอมเมนท์: สังคมความรู้ ยุคท..


 Copyright 2026. Bcnsprnw @Library